<?xml version="1.0" encoding="UTF-8"?>
<collection xmlns="http://www.loc.gov/MARC21/slim">
<record>
  <controlfield tag="001">163655</controlfield>
  <controlfield tag="005">20251028143427.0</controlfield>
  <datafield tag="024" ind1="8" ind2=" ">
    <subfield code="2">innovaciondocente</subfield>
    <subfield code="a">5211</subfield>
  </datafield>
  <datafield tag="037" ind1=" " ind2=" ">
    <subfield code="a">INNODOC-2024-5211</subfield>
  </datafield>
  <datafield tag="041" ind1=" " ind2=" ">
    <subfield code="a">spa</subfield>
  </datafield>
  <datafield tag="100" ind1=" " ind2=" ">
    <subfield code="0">(orcid)0000-0002-7857-9732</subfield>
    <subfield code="a">Luño Lázaro, Victoria</subfield>
    <subfield code="e">coord.</subfield>
  </datafield>
  <datafield tag="245" ind1=" " ind2=" ">
    <subfield code="a">Micropíldoras audiovisuales de orientación en el POUZ de la Facultad de Veterinaria</subfield>
  </datafield>
  <datafield tag="260" ind1=" " ind2=" ">
    <subfield code="a">Zaragoza</subfield>
    <subfield code="b">Universidad de Zaragoza</subfield>
    <subfield code="c">2024</subfield>
  </datafield>
  <datafield tag="520" ind1="3" ind2=" ">
    <subfield code="a">La orientación y el apoyo a los estudiantes es una de las principales tareas a realizar dentro del El Plan de Orientación Universitaria en la Facultad de Veterinaria para los Grados en Veterinaria y en Ciencia y Tecnología de los Alimentos. Año tras año, los alumnos presentan las mismas dudas acerca de temas relacionados con la convalidación de asignaturas, normativa de permanencia, Trabajo Fin de Grado... Para que puedan acceder a la información de forma ilimitada, en cualquier lugar y mediante dispositivos móviles se van a crear diferentes micro píldoras en formato video de corta duración. Para ello se analizarán las diferentes necesidades de los estudiantes para poder realizar unas píldoras audiovisuales que permitan mejorar la labor de orientación de los estudiantes en la Facultad de Veterinaria.</subfield>
  </datafield>
  <datafield tag="700" ind1=" " ind2=" ">
    <subfield code="0">(orcid)0000-0002-9264-5396</subfield>
    <subfield code="a">Del Niño Jesús García, Antonio</subfield>
  </datafield>
  <datafield tag="700" ind1=" " ind2=" ">
    <subfield code="0">(orcid)0000-0003-1479-7076</subfield>
    <subfield code="a">Martí Jiménez, José Ignacio</subfield>
  </datafield>
  <datafield tag="700" ind1=" " ind2=" ">
    <subfield code="0">(orcid)0000-0002-2469-0363</subfield>
    <subfield code="a">Herrera Sánchez, Marta</subfield>
  </datafield>
  <datafield tag="856" ind1="4" ind2=" ">
    <subfield code="s">106050</subfield>
    <subfield code="u">http://zaguan.unizar.es/record/163655/files/memoria_PIPOUZ_2024_5211.pdf</subfield>
    <subfield code="y">Memoria del proyecto</subfield>
  </datafield>
  <datafield tag="970" ind1=" " ind2=" ">
    <subfield code="a">INNODOC-2024-5211</subfield>
  </datafield>
  <datafield tag="980" ind1=" " ind2=" ">
    <subfield code="a">INNODOC</subfield>
    <subfield code="b">PIPOUZ</subfield>
  </datafield>
</record>
</collection>